|
|
|
|
| LEADER |
00000nas a2200000 a 4500 |
| 001 |
ssj0000070605 |
| 003 |
WaSeSS |
| 005 |
20200512172242.0 |
| 006 |
m d |
| 007 |
cr n |
| 008 |
080617c20089999enktr p s 0 0eng c |
| 010 |
|
|
|a 2010252038
|
| 015 |
|
|
|a GBB5E8037
|2 bnb
|
| 016 |
7 |
|
|a 989331326
|2 DE-101
|
| 016 |
7 |
|
|a 2433795-X
|2 DE-600
|
| 016 |
7 |
|
|a 014406913
|2 Uk
|
| 022 |
|
|
|a 1756-347X
|l 1756-3461
|y 1756-3461
|
| 035 |
|
|
|a (WaSeSS)ssj0000070605
|
| 040 |
|
|
|a PUL
|b eng
|c PUL
|d CGU
|d WAU
|d OCLCQ
|d HEBIS
|d OCLCQ
|d AU@
|d GWDNB
|d OCLCQ
|d GBVCP
|d OCLCQ
|d EYM
|d OCLCF
|d DEBBG
|d OCL
|d OCLCQ
|d NLE
|d OCLCA
|d UKMGB
|d WaSeSS
|
| 041 |
0 |
|
|a eng
|a spa
|
| 042 |
|
|
|a pcc
|
| 043 |
|
|
|a nwcu---
|
| 050 |
1 |
4 |
|a F1751
|
| 130 |
0 |
|
|a International journal of Cuban studies (Online)
|
| 222 |
|
4 |
|a The international journal of Cuban studies
|b (Online)
|
| 245 |
1 |
4 |
|a The international journal of Cuban studies
|h [electronic resource].
|
| 246 |
1 |
3 |
|a IJCS
|
| 260 |
|
|
|a London :
|b International Institute for the Study of Cuba, London Metropolitan University,
|c 2008-
|
| 310 |
|
|
|a Three times a year
|
| 362 |
1 |
|
|a Began with vol. 1, issue 1 (June 2008).
|
| 500 |
|
|
|a "A forum for objective investigation and informed debate about the Cuban experience."
|
| 506 |
|
|
|a License restrictions may limit access.
|
| 515 |
|
|
|a Vol. 2, no. 1- also called issue 3-
|
| 546 |
|
|
|a Articles in English and Spanish.
|
| 588 |
|
|
|a Description based on: Vol. 1, issue 1 (June 2008); title from journal home page (publisher's Web site, viewed Feb. 1, 2010).
|
| 588 |
|
|
|a Latest issue consulted: Vol. 2, no. 1 (publisher's Web site, viewed Feb. 1, 2010).
|
| 650 |
|
7 |
|a Politics and government.
|2 fast
|0 (OCoLC)fst01919741
|
| 650 |
|
7 |
|a Social conditions.
|2 fast
|0 (OCoLC)fst01919811
|
| 651 |
|
0 |
|a Cuba
|v Periodicals.
|
| 651 |
|
0 |
|a Cuba
|x Politics and government
|v Periodicals.
|
| 651 |
|
0 |
|a Cuba
|x Social conditions
|v Periodicals.
|
| 651 |
|
0 |
|a Cuba
|x History
|v Periodicals.
|
| 651 |
|
7 |
|a Cuba.
|2 fast
|0 (OCoLC)fst01205805
|
| 655 |
|
0 |
|a Electronic journals.
|
| 710 |
2 |
|
|a London Metropolitan University.
|b International Institute for the Study of Cuba.
|
| 776 |
0 |
8 |
|i Print version:
|t International Journal of Cuban studies
|x 1756-3461
|w (OCoLC)316018327
|
| 856 |
4 |
0 |
|z Full text available from PRISMA Database with HAPI Index: 04/01/2010 to 04/30/2016
|u https://search.proquest.com/publication/2026647
|